| Tag |
First Indicator |
Second Indicator |
Subfields |
| LEADER |
00000cam a2200000 4500 |
| 001 |
in00000014659 |
| 005 |
20151007052250.0 |
| 008 |
761201s1893 txuaf b 00010 eng |
| 010 |
|
|
|a gs 05000343
|
| 035 |
|
|
|a (OCoLC)02587292
|
| 035 |
|
|
|9 AAA7032AM
|
| 040 |
|
|
|a DLC
|c TXU
|d OCL
|d TXA
|d UtOrBLW
|
| 049 |
|
|
|a TXAM
|c [A12638840]
|
| 050 |
0 |
0 |
|a QE167
|b .C783
|
| 100 |
1 |
|
|a Cope, E. D.
|q (Edward Drinker),
|d 1840-1897.
|
| 245 |
1 |
2 |
|a A preliminary report on the vertebrate paleontology of the Llano Estacado /
|c by E. D. Cope.
|
| 264 |
|
1 |
|a Austin, Texas :
|b B. C. Jones & company, state printers,
|c 1893.
|
| 300 |
|
|
|a 136 pages, 6 unnumbered leaves of plates (some folded) :
|b illustrations ;
|c 26 cm.
|
| 336 |
|
|
|a text
|b txt
|2 rdacontent
|
| 337 |
|
|
|a unmediated
|b n
|2 rdamedia
|
| 338 |
|
|
|a volume
|b nc
|2 rdacarrier
|
| 500 |
|
|
|a At head of title: Geological survey of Texas.
|
| 500 |
|
|
|a "From fourth annual report, 1892," pt. II.
|
| 500 |
|
|
|a Cover title.
|
| 500 |
|
|
|a Spine title : Vertebrate paleontology of the Llano Estacado.
|
| 504 |
|
|
|a Includes bibliographical references.
|
| 650 |
|
0 |
|a Paleontology
|z Texas.
|
| 650 |
|
0 |
|a Vertebrates, Fossil.
|
| 710 |
2 |
|
|a Geological Survey of Texas.
|
| 740 |
0 |
|
|a Vertebrate paleontolgy of the Llano Estacado.
|
| 999 |
|
|
|a MARS
|
| 999 |
f |
f |
|s 2855e06d-893e-37e7-981a-1d852ee60429
|i 2bf3ea1f-b30c-37ee-b607-053c3380ef89
|t 0
|
| 952 |
f |
f |
|p ric
|a Texas A&M University
|b Rellis Campus
|c Joint Library Facility
|d Remote Storage
|t 0
|e QE167 .C783
|h Library of Congress classification
|i unmediated -- volume
|m A14812638840
|
| 998 |
f |
f |
|a QE167 .C783
|t 0
|l Remote Storage
|